[Event "Heusenstamm Schloss op"]
[Site "Heusenstamm"]
[Date "2023.11.26"]
[Round "6"]
[White "Olson, Philip Christoph"]
[Black "Werner, Tom"]
[Result "0-1"]
[WhiteElo "1576"]
[BlackElo "1822"]
[PlyCount "82"]
[EventDate "2023.11.23"]
[EventType "swiss"]
[EventRounds "7"]
[EventCountry "GER"]
[SourceTitle "CB50_2023"]
[SourceDate "2023.12.13"]
[SourceVersion "1"]
[SourceVersionDate "2023.12.13"]
[SourceQuality "1"]

1. d4 d5 2. Bf4 Nf6 3. e3 c5 4. c3 Nc6 5. Nd2 e6 6. Ngf3 Bd6 7. Bg3 b6 8. Bd3 Bb7 9. e4 Be7 10. e5 Nh5 11. Rc1 c4 12. Bc2 b5 13. 0-0 a5 14. Ne1 g6 15. f4 Nxg3 16. hxg3 h5 17. g4 hxg4 18. Qxg4 Qb6 19. Nef3 0-0-0 20. b3 cxb3 21. Bxb3 Kb8 22. Rb1 Qa7 23. Rfd1 b4 24. Ba4 bxc3 25. Bxc6 c2 26. Rdc1 cxb1Q 27. Rxb1 Bb4 28. Bxb7 Bxd2 29. Bc6+ Kc8 30. Kf2 Bb4 31. Qg5 Be7 32. Rb7 Qa6 33. Rxe7 Qxc6 34. Qf6 Qc2+ 35. Kg3 Qf5 36. Rxf7 Qxf6 37. Rxf6 Kd7 38. Ng5 Rhe8 39. Rxg6 Rb8 40. f5 Rg8 41. Nxe6 Rxg6+ 0-1

[Event "Heusenstamm Schloss op"]
[Site "Heusenstamm"]
[Date "2023.11.25"]
[Round "4"]
[White "Olson, Philip Christoph"]
[Black "Buese, Ralf"]
[Result "1/2-1/2"]
[WhiteElo "1576"]
[BlackElo "1898"]
[PlyCount "54"]
[EventDate "2023.11.23"]
[EventType "swiss"]
[EventRounds "7"]
[EventCountry "GER"]
[SourceTitle "CB50_2023"]
[SourceDate "2023.12.13"]
[SourceVersion "1"]
[SourceVersionDate "2023.12.13"]
[SourceQuality "1"]

1. d4 e6 2. Bf4 f5 3. e3 Nf6 4. Be2 b6 5. Bf3 d5 6. Ne2 Bd6 7. c4 0-0 8. Nbc3 c6 9. h4 Ba6 10. cxd5 exd5 11. Qb3 Bc4 12. Qc2 Bxe2 13. Nxe2 Ne4 14. g3 Qe7 15. 0-0 Qe6 16. Bxd6 Qxd6 17. Rac1 g6 18. a3 Nf6 19. Nf4 Rc8 20. Qa4 Nbd7 21. Rc2 b5 22. Qb3 Nb6 23. Rfc1 a5 24. Nd3 a4 25. Qc3 Nc4 26. Ne5 Ne4 27. Bxe4 fxe4 1/2-1/2

[Event "Marburg op-A"]
[Site "Marburg"]
[Date "2023.10.29"]
[Round "6"]
[White "Olson, Philip Christoph"]
[Black "Trunz, Tamila"]
[Result "1-0"]
[WhiteElo "1512"]
[BlackElo "1777"]
[PlyCount "65"]
[EventDate "2023.10.26"]
[EventType "swiss"]
[EventRounds "7"]
[EventCountry "GER"]
[SourceTitle "CB49_2023"]
[SourceDate "2023.12.06"]
[SourceVersion "1"]
[SourceVersionDate "2023.12.06"]
[SourceQuality "1"]

1. d4 Nf6 2. Bf4 b6 3. c4 e6 4. Nc3 Bb4 5. Nf3 c6 6. e3 Qe7 7. Bd3 d5 8. 0-0 0-0 9. Ne5 Bb7 10. cxd5 cxd5 11. Qf3 Bxc3 12. bxc3 Nfd7 13. Qh3 f5 14. a3 Nxe5 15. Bxe5 Nd7 16. Bf4 a6 17. c4 dxc4 18. Bxc4 Rac8 19. Rfc1 h6 20. Qg3 Rf6 21. Bb3 Rxc1+ 22. Rxc1 Kh7 23. Bd6 Qe8 24. Qf4 g5 25. Qg3 Rg6 26. Rc7 Ba8 27. Qe5 Be4 28. f3 Kg8 29. Rxd7 Qxd7 30. fxe4 fxe4 31. Qxe4 Qf7 32. Be5 Kh7 33. Bc2 1-0

[Event "Rhein Main op-B 25th"]
[Site "Bad Homburg"]
[Date "2023.06.08"]
[Round "3"]
[White "Olson, Philip Christoph"]
[Black "Gaertner, David"]
[Result "1-0"]
[WhiteElo "1471"]
[BlackElo "1212"]
[PlyCount "171"]
[EventDate "2023.06.07"]
[EventType "swiss"]
[EventRounds "7"]
[EventCountry "GER"]
[SourceTitle "CBM 215 Extra"]
[Source "ChessBase"]
[SourceDate "2023.09.30"]
[SourceVersion "1"]
[SourceVersionDate "2023.09.30"]
[SourceQuality "1"]

1. d4 d5 2. Bf4 Bf5 3. c4 c6 4. Nc3 e6 5. Qb3 Qb6 6. c5 Qxb3 7. axb3 Nd7 8. Nf3 Ngf6 9. b4 a6 10. h3 b5 11. e3 Be7 12. Be2 0-0 13. 0-0 Ra7 14. Ra3 Rfa8 15. Rfa1 Bd8 16. Na2 h6 17. Nc1 Bc2 18. Bd3 Bxd3 19. Nxd3 Ne8 20. Nfe5 Nb8 21. Ng4 Nd7 22. f3 f6 23. Bg3 Bc7 24. Bxc7 Nxc7 25. Nc1 Re8 26. Nb3 Kf7 27. Na5 Nb8 28. Re1 h5 29. Nf2 e5 30. dxe5 fxe5 31. h4 Ne6 32. Nh3 Rd7 33. Rd1 Kf6 34. Rad3 Kf7 35. Kf2 Kf6 36. Rg1 Ree7 37. Rdd1 g6 38. g4 Rg7 39. Rg2 Rd8 40. gxh5 gxh5 41. Rxg7 Nxg7 42. e4 d4 43. Ng5 Rg8 44. Nb7 Ne6 45. Nxe6 Kxe6 46. Nd6 Nd7 47. Ra1 Nb8 48. b3 Kf6 49. Nf5 Rg6 50. Ng3 Rh6 51. Rg1 Kf7 52. Nf5 Rg6 53. Ra1 Kf6 54. Nd6 Ke6 55. Ne8 Kd7 56. Nd6 Ke6 57. Nf5 Kf6 58. Ng3 Rh6 59. Ke2 Ke6 60. Rf1 Nd7 61. Ra1 Nb8 62. Rg1 Nd7 63. Nf5 Rh7 64. Rg6+ Nf6 65. Nd6 Ke7 66. Kd3 Ke6 67. Ne8 Rf7 68. Ng7+ Ke7 69. Rg5 Nd7 70. Nf5+ Ke6 71. Rxh5 Nf6 72. Rh6 Kd7 73. Rg6 Kd8 74. Rh6 Kd7 75. Rh8 Ne8 76. Rxe8 Kxe8 77. Nd6+ Ke7 78. Nxf7 Kxf7 79. f4 exf4 80. Kxd4 Ke6 81. h5 Kf6 82. e5+ Kf5 83. h6 Kg6 84. e6 Kf6 85. h7 Kg7 86. e7 1-0

[Event "Rhein Main op-B 24th"]
[Site "Bad Homburg"]
[Date "2022.06.18"]
[Round "5"]
[White "Olson, Philip Christoph"]
[Black "Nichols, Uwe"]
[Result "1-0"]
[WhiteElo "1262"]
[BlackElo "1670"]
[PlyCount "69"]
[EventDate "2022.06.15"]
[EventType "swiss"]
[EventRounds "7"]
[EventCountry "GER"]
[SourceTitle "EXT 2023"]
[Source "ChessBase"]
[SourceDate "2022.10.05"]
[SourceVersion "1"]
[SourceVersionDate "2022.10.05"]
[SourceQuality "1"]

1. d4 d5 2. Bf4 e6 3. e3 Bd6 4. Bg3 Nf6 5. Nd2 b6 6. Bd3 Bb7 7. Ngf3 h6 8. c3 a6 9. Qe2 Ne4 10. Bxe4 dxe4 11. Ne5 0-0 12. Ndc4 a5 13. Qc2 b5 14. Nd2 f6 15. Ng6 Re8 16. Nxe4 Bxg3 17. hxg3 f5 18. Nc5 Bxg2 19. Rh2 Bf3 20. Ne5 Bc6 21. Qe2 Bd7 22. Qh5 Re7 23. Qg6 Qe8 24. Rxh6 Qxg6 25. Rxg6 Be8 26. Rxe6 Rxe6 27. Nxe6 Na6 28. Kd2 Bf7 29. Nxf7 Kxf7 30. Nf4 g5 31. Nd3 Rd8 32. Rh1 Kg7 33. Ne5 c5 34. Rh5 cxd4 35. exd4 1-0

[Event "Rhein Main op-B 22nd"]
[Site "Bad Homburg"]
[Date "2019.06.21"]
[Round "4"]
[White "Olson, Philip Christoph"]
[Black "Burkart, Lloyd Shang"]
[Result "0-1"]
[WhiteElo "1273"]
[BlackElo "1411"]
[PlyCount "56"]
[EventDate "2019.06.19"]
[EventType "swiss"]
[EventRounds "7"]
[EventCountry "GER"]
[SourceTitle "EXT 2020"]
[Source "ChessBase"]
[SourceDate "2019.10.17"]
[SourceVersion "1"]
[SourceVersionDate "2019.10.17"]
[SourceQuality "1"]

1. e4 c5 2. Nf3 d6 3. d4 cxd4 4. Nxd4 Nf6 5. Nc3 g6 6. Be2 Bg7 7. Be3 0-0 8. Qd2 Nc6 9. Nb3 Bd7 10. Bh6 Rc8 11. Bxg7 Kxg7 12. h3 Ne5 13. f4 Nc4 14. Bxc4 Rxc4 15. Qd3 Rc8 16. 0-0-0 Bc6 17. g4 a6 18. Nd4 Qc7 19. f5 b5 20. a3 Qb7 21. Rde1 Nd7 22. Nf3 a5 23. h4 b4 24. axb4 axb4 25. Nd5 Bxd5 26. exd5 Nc5 27. Qd4+ Kg8 28. h5 Nb3+ 0-1